[Event "Budapest FS08 GM"]
[Site "Budapest"]
[Date "1995.??.??"]
[Round "11"]
[White "Delchev, Aleksander"]
[Black "Petrosian, Karen"]
[Result "1-0"]
[WhiteElo "2455"]
[BlackElo "2400"]

1.c4 c6 2.e4 e5 3.Nf3 d6 4.d4 Nd7 5.Be2 Ngf6 6.Nc3 Be7 7.O-O O-O 8.Qc2 Re8
9.Rd1 Bf8 10.Be3 Ng4 11.Bg5 f6 12.Bd2 g6 13.d5 c5 14.a3 Nh6 15.b4 b6 16.Rab1 Nf7
17.Bd3 Bh6 18.Be1 Kh8 19.Nd2 Bxd2 20.Bxd2 g5 21.Ne2 Nf8 22.Ng3 Ng6 23.Nf5 Ne7
24.Ne3 Rg8 25.Rf1 Qe8 26.f3 h5 27.Rf2 Nh6 28.a4 Qf7 29.a5 f5 30.exf5 Nhxf5
31.Nxf5 Nxf5 32.Qa2 Nd4 33.axb6 Bf5 34.Bxf5 Qxf5 35.b7 Raf8 36.Bc3 g4 37.Bxd4 gxf3
38.Rbf1 fxg2 39.Rxf5 gxf1=Q+ 40.Kxf1 Rxf5+ 41.Bf2 Rgf8 42.bxc5 dxc5 43.Ke1 R5f7
44.Qxa7 Rxf2 45.b8=Q Rf1+ 46.Ke2 Rf2+ 47.Ke3  1-0

[Event "Buenos Aires op"]
[Site "Buenos Aires"]
[Date "1995.??.??"]
[Round "4"]
[White "Tempone, Marcelo"]
[Black "German, Sergio"]
[Result "1/2-1/2"]
[WhiteElo "2415"]
[BlackElo "2275"]

1.c4 c6 2.e4 d5 3.exd5 cxd5 4.d4 Nf6 5.Nc3 e6 6.Nf3 Be7 7.cxd5 Nxd5 8.Bd3 Nc6
9.O-O O-O 10.Re1 Bd7 11.a3 Rc8 12.Qe2 Bf6 13.Qe4 g6 14.Bh6 Bg7 15.Bxg7 Kxg7
16.Nxd5 exd5 17.Qf4 Qf6 18.Qxf6+ Kxf6 19.Bb5 Nb8 20.Bd3 Nc6 21.Rac1 Be6 22.b4 Ne7
23.Ne5 Rxc1 24.Rxc1 Rc8 25.Rxc8 Bxc8 26.f3 Ke6 27.Kf2 f6 28.Ng4 Kf7 29.Ne3 Ke6
30.Nd1 Kd6 31.g4 h6 32.Nc3 Bd7 33.Ne2 Be8 34.f4 g5 35.Ke3 Bg6 36.Bxg6 Nxg6
37.f5 Ne7 38.Ng3 Nc6 39.Kd3 a5 40.b5 Na7 41.a4 Nc8 42.Ne2 Nb6 43.Nc3 Kd7  1/2-1/2

[Event "Buenos Aires op"]
[Site "Buenos Aires"]
[Date "1995.??.??"]
[Round "6"]
[White "Fiorito, Fabian"]
[Black "Sorokin, Maxim"]
[Result "0-1"]
[WhiteElo "2435"]
[BlackElo "2535"]

1.c4 c6 2.Qa4 g6 3.Nc3 Bg7 4.g3 f5 5.Bg2 Nf6 6.d3 O-O 7.Bd2 d6 8.Nf3 Kh8
9.O-O Be6 10.Rab1 Nbd7 11.Qc2 Bg8 12.b4 e5 13.e4 fxe4 14.Nxe4 d5 15.Nxf6 Qxf6
16.b5 cxb5 17.Rxb5 dxc4 18.dxc4 b6 19.Rd1 Rac8 20.Bg5 Qc6 21.Rb3 Bxc4 22.Rc3 e4
23.Nd2 Bd3 24.Qxd3 Bxc3 25.Nxe4 Ne5 26.Qe3 Bb2 27.Nd6 Qc2 28.Rf1 Nc4 29.Nxc4 Qxc4
30.h4 Bg7 31.Rd1 Qxa2 32.Rd7 Rce8 33.Be7 Rf5 34.Bf6 Rxe3 35.Bxg7+ Kg8  0-1

[Event "Buenos Aires op"]
[Site "Buenos Aires"]
[Date "1995.??.??"]
[Round "7"]
[White "Giardelli, Sergio C"]
[Black "German, Sergio"]
[Result "1-0"]
[WhiteElo "2465"]
[BlackElo "2275"]

1.c4 c6 2.d4 d5 3.Nc3 Nf6 4.Nf3 dxc4 5.a4 Bf5 6.Ne5 e6 7.f3 Bb4 8.Bg5 h6
9.Bxf6 Qxf6 10.e4 Bh7 11.Bxc4 c5 12.Bb5+ Ke7 13.Qb3 Rd8 14.Rd1 a5 15.Ng4 Qg5
16.d5 Bxe4 17.fxe4 Qxg4 18.O-O Bxc3 19.Qxc3 b6 20.Rd3 Nd7 21.d6+ Ke8 22.Rg3 Qxe4
23.Qxg7  1-0

[Event "Buenos Aires Najdorf"]
[Site "Buenos Aires"]
[Date "1995.??.??"]
[Round "11"]
[White "Panno, Oscar"]
[Black "Sadler, Matthew"]
[Result "1/2-1/2"]
[WhiteElo "2510"]
[BlackElo "2565"]

1.c4 c6 2.e4 d5 3.exd5 cxd5 4.d4 Nf6 5.Nc3 e6 6.Nf3 Bb4 7.Bd3 dxc4 8.Bxc4 O-O
9.O-O Nbd7 10.Bb3 Bxc3 11.bxc3 b6 12.Bf4 Bb7 13.c4 Re8 14.Re1 Nh5 15.Bd6 Ndf6
16.Be5 Ng4 17.d5 exd5 18.cxd5 Nxe5 19.Nxe5 Nf4 20.Qd4 Ne6 21.dxe6 Qxd4 22.Rad1 Qxe5
23.Rxe5 fxe6 24.Rxe6 Rxe6 25.Bxe6+ Kf8 26.Rd7 Re8 27.Rf7+ Kg8 28.Re7+  1/2-1/2

[Event "BUL-ch"]
[Site "?"]
[Date "1995.??.??"]
[Round "?"]
[White "Ermenkov, Evgenij"]
[Black "Georgiev, Vladimir"]
[Result "1/2-1/2"]
[WhiteElo "2435"]
[BlackElo "2450"]

1.c4 c6 2.Nf3 d5 3.b3 Bf5 4.Bb2 e6 5.g3 Nf6 6.Bg2 Nbd7 7.O-O Bd6 8.d3 O-O
9.Nc3 Qe7 10.cxd5 cxd5 11.Nd4 Bg6 12.e4 Bc5 13.Nde2 dxe4 14.dxe4 Bh5 15.Qc2 e5
16.Na4 Bb4 17.Rac1 b5 18.Nac3 Rac8 19.Qb1 Bc5 20.Rc2 a6 21.h3 Bg6 22.Rd2 Nb6
23.Kh2 Rfd8 24.Rxd8+ Rxd8 25.Bc1 h6 26.Qc2 Rc8 27.Qb1 Rd8 28.Nd1 Nbd5 29.Nb2 Nb4
30.a3 Nc6 31.b4 Bb6 32.Nc3 Nd4 33.Be3 Qe6 34.Nd3 Rc8 35.Qb2 Qc4 36.Nxe5 Qxc3
37.Qxc3 Rxc3 38.Nxg6 fxg6 39.e5 Nd7 40.Rd1 Nxe5 41.Bxd4 Bxd4 42.Rxd4 Nf3+
43.Bxf3 Rxf3 44.Kg2 Rxa3  1/2-1/2

[Event "Caceres"]
[Site "Caceres"]
[Date "1995.??.??"]
[Round "?"]
[White "Lalic, Bogdan"]
[Black "Garcia Gomez, PJ."]
[Result "1-0"]
[WhiteElo "2590"]
[BlackElo "2280"]

1.c4 c6 2.e4 d5 3.cxd5 cxd5 4.exd5 Qxd5 5.Nc3 Qa5 6.Nf3 Nf6 7.d4 Nc6 8.d5 Nb4
9.Bc4 Bf5 10.O-O Rd8 11.Ne5 a6 12.Qf3 e6 13.dxe6 fxe6 14.Bf4 Bd6 15.Qxb7 O-O
16.a3 Nc2 17.Nc6 Qc5 18.Nxd8 Bxf4 19.Bxe6+ Kh8 20.Nf7+ Rxf7 21.Bxf7 h5 22.Rad1 Nd4
23.Qb4  1-0

[Event "Doeberl Cup"]
[Site "Canberra"]
[Date "1995.??.??"]
[Round "6"]
[White "Johansen, Darryl K"]
[Black "Rogers, Ian"]
[Result "0-1"]
[WhiteElo "2500"]
[BlackElo "2570"]

1.c4 c6 2.e4 d5 3.exd5 cxd5 4.cxd5 Nf6 5.Bb5+ Nbd7 6.Nc3 g6 7.d4 Bg7 8.d6 exd6
9.Qe2+ Qe7 10.Bf4 Qxe2+ 11.Bxe2 Ke7 12.Bf3 Nb6 13.O-O-O Be6 14.Bxb7 Rab8
15.d5 Rxb7 16.dxe6 Rc8 17.Bxd6+ Kxe6 18.Nh3 Nfd5 19.Nf4+ Nxf4 20.Bxf4 Bxc3
21.bxc3 Rxc3+ 22.Kd2 Ra3 23.Ke2 Rxa2+ 24.Kf3 Ra3+ 25.Kg4 f6 26.Rhe1+ Kf7
27.f3 Ra2 28.Kh3 Re7 29.Ra1 Ree2 30.Rxa2 Rxa2 31.Rd1 h5 32.Bb8 a5 33.g4 hxg4+
34.Kxg4 a4 35.Rd6 Rb2 36.Bc7 Nc4 37.Ra6 a3 38.Bd8 f5+ 39.Kg3 a2 40.Ra7+ Ke6
41.Ra6+ Kd5 42.Bf6 Rb6 43.Rxb6 Nxb6 44.Kf4 Nc4 45.h4 Ke6 46.Ba1 Nd2 47.Bc3 Kf7
48.h5 gxh5 49.Kxf5 Nxf3 50.Ba1 Nd2 51.Kg5 Ke6 52.Kxh5 Kf5 53.Kh4 Nb3 54.Bb2 Ke4
55.Kg3 Kd3 56.Kf2 Kc2 57.Bg7 Nc5 58.Ke3 Na4 59.Ba1 Kb1 60.Kd2 Nb2 61.Kc3 Kxa1
62.Kc2 Nd3  0-1

[Event "Cannes op"]
[Site "Cannes"]
[Date "1995.??.??"]
[Round "7"]
[White "Manouck, Thierry"]
[Black "Guido, Flavio"]
[Result "1/2-1/2"]
[WhiteElo "2320"]
[BlackElo "2330"]

1.c4 c6 2.Nf3 d5 3.e3 Nf6 4.Nc3 a6 5.d4 b5 6.b3 Bg4 7.Be2 e6 8.O-O Nbd7 9.a4 b4
10.Na2 a5 11.Bb2 Bd6 12.Nc1 O-O 13.Nd3 Ne4 14.Rc1 Rc8 15.c5 Bb8 16.Nfe5 Bxe2
17.Qxe2 f6 18.Nxd7 Qxd7 19.f3 Ng5 20.e4 Qe8 21.Rce1 Qh5 22.e5 f5 23.Bc1 h6
24.Nf4 Qe8 25.h4 Nh7 26.h5 Rf7 27.Be3 Bc7 28.g3 Ra8 29.Ng6 Nf8 30.Qh2 Bd8
31.g4 Raa7 32.f4 fxg4 33.Qg3 Nxg6 34.hxg6 Rf5 35.Qxg4 Qe7 36.Re2 Qb7 37.Rh2 Be7
38.Rh5 Qd7 39.Rxf5 exf5 40.Qh3 Qe6 41.Qh5 Ra8 42.Rf3 Rf8 43.Bf2 Re8 44.Re3 Bd8
45.Kg2 Rf8 46.Kh3  1/2-1/2

[Event "Cappelle op"]
[Site "Cappelle la Grande"]
[Date "1995.??.??"]
[Round "2"]
[White "Skembris, Spyridon"]
[Black "Sapis, Witalis"]
[Result "1/2-1/2"]
[WhiteElo "2525"]
[BlackElo "2440"]

1.c4 c6 2.Nf3 d5 3.e3 Nf6 4.b3 Bg4 5.Bb2 e6 6.h3 Bh5 7.Be2 Nbd7 8.O-O Bd6
9.Nc3 Rc8 10.cxd5 exd5 11.Nd4 Bxe2 12.Qxe2 O-O 13.Nf5 Bb8 14.Rac1 Re8 15.f4 Re6
16.Na4 Bd6 17.Nxd6 Rxd6 18.f5 c5 19.d3 b5 20.Nc3 Qb6 21.Qf2 Re8 22.Ne2 c4
23.Bd4 Qa6 24.Nf4 Ne5 25.Qg3 Nxd3 26.Nxd3 cxd3 27.Rc7 Rb6 28.Rd1 b4 29.Re7 Rc8
30.Bxf6 Rxf6 31.Qe5 g6 32.fxg6 hxg6 33.Rxd3 Rf5  1/2-1/2

[Event "Cappelle op"]
[Site "Cappelle la Grande"]
[Date "1995.??.??"]
[Round "4"]
[White "Skembris, Spyridon"]
[Black "Kadimova, Ilaha"]
[Result "1/2-1/2"]
[WhiteElo "2525"]
[BlackElo "2370"]

1.c4 c6 2.Nf3 d5 3.e3 Nf6 4.b3 Bf5 5.Be2 h6 6.O-O e6 7.Nc3 Be7 8.Bb2 O-O
9.d3 Nfd7 10.cxd5 exd5 11.Nd4 Bh7 12.Qd2 Re8 13.Rfe1 Bd6 14.Nf3 a5 15.Bf1 Nc5
16.Rab1 b5 17.Rbc1 b4 18.Nd1 a4 19.Qc2 axb3 20.axb3 Nbd7 21.Bd4 Ra3 22.Nd2 Ra5
23.Nb2 Nf8 24.Bxc5 Rxc5 25.Qd1 Rxc1 26.Qxc1 Qc7 27.g3 Nd7 28.d4 c5 29.Bh3 Nf6
30.dxc5 Qxc5 31.Qxc5 Bxc5 32.Rc1 Ba7 33.Ra1 Re7 34.Rc1 g5 35.Bg2 d4 36.e4 Kf8
37.Nd3 Nxe4 38.Nxe4 Bxe4 39.Bxe4 Rxe4 40.Kf1 Re6 41.Rc4 Ra6 42.Rxb4 Ra1+
43.Ke2 Ra2+ 44.Ke1 Ke7 45.h3 Ke6 46.Ra4 Rxa4 47.bxa4 Kd5 48.Kd2 f6 49.Nb2 Kc5
50.Kd3 Kb4 51.g4 Bb8 52.Nc4 Be5 53.a5 Kb5 54.Nd2 Kxa5 55.Nf3 Kb5 56.Nxd4+ Kc5
57.Nf5 Kd5 58.Nxh6 Bd4 59.f3 Bb6 60.Nf5 Ke5 61.Ne7 Ke6 62.Nf5 Ke5 63.Ne3 Bc5
64.Ke2 Bd4 65.Nf5 Bc5 66.Ng3 Bb6 67.Nh5 Bd8 68.Ng7 Bb6 69.Nf5 Kf4 70.h4 gxh4
71.Nxh4 Kg5 72.Nf5 Kf4 73.Ng7 Ba7 74.Ne6+ Ke5 75.Nd8 Kf4 76.Ne6+ Ke5 77.Ng7 Kf4
78.Nf5 Bc5 79.Ng7 Ba7 80.Ne6+  1/2-1/2

[Event "Cappelle op"]
[Site "Cappelle la Grande"]
[Date "1995.??.??"]
[Round "4"]
[White "Kratochvil, Milos"]
[Black "Meduna, Eduard"]
[Result "1/2-1/2"]
[WhiteElo "2055"]
[BlackElo "2480"]

1.c4 c6 2.Nc3 d5 3.cxd5 cxd5 4.d4 Nf6 5.Nf3 Nc6 6.Bf4 Bf5 7.e3 e6 8.Bd3 Bxd3
9.Qxd3 Be7 10.O-O O-O 11.h3 Qa5 12.Rfc1 Rfc8 13.Qb5 Qxb5 14.Nxb5 Ne8 15.Ne5 f6
16.Nd3 Kf7 17.Rc2 g5 18.Bg3 a6 19.Nc3 Nb4 20.Nxb4 Bxb4 21.Rac1 Bxc3 22.Rxc3 Rxc3
23.Rxc3 h5 24.f3 Ke7 25.Kf1 Kd7 26.Ke2 Rc8 27.Rxc8 Kxc8 28.Kd3 Kd7 29.a4 Ng7
30.e4 b6 31.b3 Kc6 32.Be1 h4 33.Bd2 Kd7 34.Bc1 Nh5 35.Bd2 Nf4+ 36.Bxf4 gxf4
37.exd5 exd5  1/2-1/2

[Event "Ceske Budejovice op"]
[Site "Ceske Budejovice"]
[Date "1995.??.??"]
[Round "7"]
[White "Pribyl, Josef"]
[Black "Sarakauskas, Gediminas"]
[Result "1-0"]
[WhiteElo "2405"]
[BlackElo "2175"]

1.c4 c6 2.e4 d5 3.exd5 cxd5 4.d4 Nf6 5.Nc3 Nc6 6.Nf3 e6 7.a3 Be7 8.cxd5 exd5
9.h3 Bf5 10.Be2 O-O 11.O-O Ne4 12.Be3 Nxc3 13.bxc3 Na5 14.a4 Rc8 15.Bd3 Be4
16.Qc2 f5 17.Ne5 Bd6 18.f3 Bxd3 19.Qxd3 f4 20.Bf2 Nc4 21.Nxc4 Rxc4 22.Rfb1 Qc8
23.Be1 Qc6 24.Bd2 Rxa4 25.Rxa4 Qxa4 26.Rxb7 a5 27.Qb5 Qxb5 28.Rxb5 Ra8 29.Rxd5 Bc7
30.Rd7 Bb6 31.c4 Rd8 32.Rxd8+ Bxd8 33.c5 Bf6 34.c6  1-0

[Event "DEN-ch qual"]
[Site "Copenhagen"]
[Date "1995.??.??"]
[Round "1"]
[White "Hutters, Tomas"]
[Black "Petersen, St"]
[Result "1-0"]
[WhiteElo "2430"]
[BlackElo "2190"]

1.c4 c6 2.d4 d5 3.Nf3 Nf6 4.Nc3 e6 5.g3 dxc4 6.Bg2 b5 7.Ne5 Qb6 8.O-O Bb7
9.e4 Nbd7 10.Be3 c5 11.Nxd7 Nxd7 12.d5 exd5 13.Nxd5 Bxd5 14.Qxd5 Rd8 15.a4 a6
16.axb5 axb5 17.Ra8 Be7 18.Rxd8+ Bxd8 19.Rd1 Nf6 20.Qe5+ Be7 21.Bxc5 Qxc5
22.Qb8+ Bd8 23.Qxd8+  1-0

[Event "Copenhagen K41"]
[Site "Copenhagen"]
[Date "1995.??.??"]
[Round "3"]
[White "Petursson, Margeir"]
[Black "Schandorff, Lars"]
[Result "1-0"]
[WhiteElo "2535"]
[BlackElo "2450"]

1.c4 c6 2.e4 d5 3.exd5 cxd5 4.cxd5 Nf6 5.Nc3 Nxd5 6.Nf3 Nc6 7.d4 e6 8.Bc4 Be7
9.O-O O-O 10.Re1 a6 11.Qd3 Nxc3 12.bxc3 Na5 13.Bb3 Nxb3 14.axb3 b5 15.Qe4 Rb8
16.Ne5 Bb7 17.Qg4 Kh8 18.Re3 f6 19.Ng6+ hxg6 20.Qxe6 f5 21.Qxe7 Qd5 22.Rg3 Rbe8
23.Qh4+ Kg8 24.Bf4 Re6 25.b4 Qe4 26.h3 Kf7 27.Qg5 Qd5 28.Be5 Rh8 29.Qf4 Qe4
30.Qd2 Qd5 31.Qf4 Qe4 32.Qc1 Qd5 33.Kh2 Rc8 34.Qg5 Rh8 35.Qf4 Qe4 36.Qd2 Qd5
37.Re1 Rh5 38.Rg5 Rh4 39.Re3 Re8 40.Reg3 Re6 41.f3 Rxe5 42.Rxg6 Rh7 43.Qg5 Re7
44.Rxg7+ Rxg7 45.Qxg7+ Ke8 46.Qh8+ Kd7 47.Qb8 Qc6 48.Qf8 Qe6 49.h4 Bd5 50.Rg7 Rxg7
51.Qxg7+ Ke8 52.h5 f4 53.h6 Qf7 54.Qe5+ Kf8 55.Kh3 Kg8 56.Kg4 Be6+ 57.Kg5 Qe7+
58.Qf6 Qxf6+ 59.Kxf6 Bc4 60.Kg5 Kh7 61.Kxf4  1-0

[Event "Copenhagen op17"]
[Site "Copenhagen"]
[Date "1995.??.??"]
[Round "3"]
[White "Holmsgaard, Henrik"]
[Black "Ronneland, Daniel"]
[Result "1-0"]
[WhiteElo "2275"]
[BlackElo "2135"]

1.c4 c6 2.Nf3 Nf6 3.g3 d5 4.Bg2 Bg4 5.Ne5 e6 6.Nxg4 Nxg4 7.d4 dxc4 8.O-O Be7
9.e3 Nf6 10.Qe2 Nbd7 11.Rd1 O-O 12.Qxc4 Qa5 13.Bd2 Qh5 14.Nc3 e5 15.dxe5 Nxe5
16.Qe2 Qxe2 17.Nxe2 Rfd8 18.Bc3 Nc4 19.b3 Nd6 20.Bd4 Nb5 21.Bb2 Ba3 22.Bxa3 Nxa3
23.Nc3 Nc2 24.Rac1 Nb4 25.e4 Kf8 26.Bf1 Rxd1 27.Rxd1 Ke7 28.f3 b5 29.e5 Nd7
30.f4 a6 31.Bg2 Rc8 32.Rd2 f6 33.a3 Nd5 34.Nxd5+ cxd5 35.Rxd5 Rc1+ 36.Kf2 Rc2+
37.Kf1 Rc1+ 38.Ke2 Rc2+ 39.Kf3 Rc3+ 40.Ke4 Rxb3 41.Bh3 Nb6 42.Rd6 Nc4 43.Rd7+ Kf8
44.Rd8+ Ke7 45.Rd7+ Kf8 46.exf6 gxf6 47.Be6 Re3+ 48.Kf5 Nxa3 49.Kxf6 Rxe6+
50.Kxe6 b4 51.f5  1-0

[Event "Copenhagen BSF-B"]
[Site "Copenhagen"]
[Date "1995.??.??"]
[Round "3"]
[White "Petersen, Steen"]
[Black "Ciric, Dragoljub M"]
[Result "1/2-1/2"]
[WhiteElo "2190"]
[BlackElo "2370"]

1.c4 c6 2.g3 d5 3.Bg2 g6 4.Qc2 Na6 5.cxd5 cxd5 6.Nc3 Nf6 7.Qb3 e6 8.d4 Bg7
9.Nf3 O-O 10.O-O Ne4  1/2-1/2

[Event "Cordoba op"]
[Site "Cordoba"]
[Date "1995.??.??"]
[Round "?"]
[White "Komljenovic, Davor"]
[Black "Legky, Nikolay A"]
[Result "1-0"]
[WhiteElo "2485"]
[BlackElo "2510"]

1.c4 c6 2.d4 d5 3.Nf3 Nf6 4.Nc3 e6 5.Bg5 h6 6.Bxf6 Qxf6 7.e3 Nd7 8.Bd3 Bd6
9.O-O dxc4 10.Bxc4 Qe7 11.Qc2 O-O 12.Rfd1 e5 13.Ne4 exd4 14.Nxd6 Qxd6 15.Rxd4 Qc7
16.Rh4 Kh8 17.Ng5 Nf6 18.Rd1 b5 19.Bxf7 Rxf7 20.Rd8+ Ng8 21.Qh7+  1-0

[Event "Cordoba op"]
[Site "Cordoba"]
[Date "1995.??.??"]
[Round "?"]
[White "Suba, Mihai"]
[Black "Maki Uuro, Miikka"]
[Result "1-0"]
[WhiteElo "2485"]
[BlackElo "2280"]

1.c4 c6 2.Nf3 d5 3.e3 Nf6 4.Nc3 g6 5.d4 Bg7 6.Be2 O-O 7.O-O Ne4 8.Qb3 Kh8
9.cxd5 cxd5 10.Nxe4 dxe4 11.Ng5 Qe8 12.Bc4 e6 13.Bd2 Nc6 14.Rac1 Bd7 15.Nxe4 b5
16.Be2 b4 17.Nc5 Rb8 18.Nxd7 Qxd7 19.Qa4 Rfc8 20.Bb5 Rb6 21.Bxb4 Qb7 22.Bxc6 Rcxc6
23.Ba5  1-0

[Event "ESP-chT"]
[Site "Cordoba"]
[Date "1995.??.??"]
[Round "2"]
[White "Montoya Bello, Felix J"]
[Black "Iruzubieta, Jesus Maria"]
[Result "0-1"]
[WhiteElo "2160"]
[BlackElo "2385"]

1.c4 c6 2.Nf3 Nf6 3.Nc3 d5 4.e3 a6 5.d4 b5 6.b3 Bg4 7.cxd5 cxd5 8.Be2 e6
9.O-O Nbd7 10.h3 Bh5 11.Nh4 Bxe2 12.Qxe2 Bb4 13.Nb1 Bd6 14.Nf3 Ne4 15.Nbd2 O-O
16.Bb2 Rc8 17.Rfc1 Qa5 18.Nxe4 dxe4 19.Nd2 Rxc1+ 20.Bxc1 Qc3 21.Rb1 Qc2 22.a3 Rc8
23.Bb2 Nb6 24.Qd1 f5 25.Qxc2 Rxc2 26.Nf1 Nd5 27.g3 g5 28.Kg2 Kf7 29.Bc1 Nc3
30.Ra1 Na2 31.Bd2 Bxa3 32.Ba5 Bd6 33.Bd8 h6 34.Bb6 Nb4 35.Ba5 Nd3 36.Bd2 Bb4
37.Rd1 a5 38.Bxb4 Nxb4 39.Ra1 Nc6 40.g4 f4 41.Rd1 Nb4 42.Nd2 Nd5  0-1

[Event "ESP-chT"]
[Site "Cordoba"]
[Date "1995.??.??"]
[Round "5"]
[White "Brito, Alfredo"]
[Black "Iruzubieta, Jesus Maria"]
[Result "1/2-1/2"]
[WhiteElo "2360"]
[BlackElo "2385"]

1.c4 c6 2.Nf3 d5 3.e3 Nf6 4.b3 Bg4 5.Bb2 Nbd7 6.h3 Bh5 7.Be2 e6 8.O-O Bd6
9.d3 O-O 10.Nbd2 Re8 11.cxd5 exd5 12.Re1 Qe7 13.a3 h6 14.Qc2 Rad8 15.b4 Bb8
16.Bc3 Qd6 17.Qb2 Re7 18.Nf1 Bxf3 19.Bxf3 Qe6 20.Rad1 Be5 21.Be2 Bxc3 22.Qxc3 Qd6
23.Nd2 Nf8 24.Nb3 Ne6 25.d4 Ne4 26.Qc2 f5 27.Bd3 Rf8 28.f4 g5 29.Bxe4 fxe4
30.g3 gxf4 31.gxf4 Nxf4 32.exf4 Qxf4 33.Rd2 Rg7+ 34.Rg2 Rf7 35.Re2 Qf1+ 36.Kh2 Qf4+
37.Kg1 Qf1+ 38.Kh2  1/2-1/2

[Event "ESP-chT"]
[Site "Cordoba"]
[Date "1995.??.??"]
[Round "6"]
[White "Suba, Mihai"]
[Black "Morovic Fernandez, Ivan"]
[Result "1/2-1/2"]
[WhiteElo "2475"]
[BlackElo "2575"]

1.c4 c6 2.e4 d5 3.exd5 cxd5 4.d4 Nf6 5.Nc3 Nc6 6.Bg5 e6 7.Nf3 Be7 8.Rc1 O-O
9.c5 Ne4 10.Bxe7 Qxe7 11.Be2 Ng5 12.O-O Nxf3+ 13.Bxf3 Qf6 14.Ne2 Bd7 15.Qd2 a5
16.Rc3 b6 17.cxb6 Qd8 18.Bh5 Qxb6 19.Rb3 Qd8 20.Rg3 Ne7 21.Bg4 Ng6 22.Bh5 Ne7
23.Bg4 Ng6 24.Bh5 Ne7  1/2-1/2

[Event "Coria op"]
[Site "Coria"]
[Date "1995.??.??"]
[Round "7"]
[White "Komljenovic, Davor"]
[Black "Eslon, Jaan"]
[Result "1-0"]
[WhiteElo "2465"]
[BlackElo "2420"]

1.c4 c6 2.d4 d5 3.Nf3 Nf6 4.Nc3 e6 5.Bg5 h6 6.Bxf6 Qxf6 7.e3 Nd7 8.Bd3 g6
9.O-O Bg7 10.e4 dxc4 11.e5 Qe7 12.Bxc4 O-O 13.Re1 b5 14.Bd3 b4 15.Ne4 c5
16.Bb5 cxd4 17.Qxd4 Nb6 18.Nd6 Rb8 19.Bc6 Bd7 20.Be4 a5 21.Rac1 Nd5 22.Bxd5 exd5
23.Qxd5 Qe6 24.Qxa5 Ra8 25.Qxb4 Qxa2 26.Qd4 Be6 27.b4 Rad8 28.Red1 Qa8 29.b5 f6
30.Qd3 fxe5 31.Qxg6 Rf6 32.Qg3 Qb8 33.Ne4 Rxd1+ 34.Rxd1 Rf4 35.Qg6 Bg4 36.b6 Bxf3
37.gxf3 Rf8 38.Rd7  1-0

[Event "CUB-ch"]
[Site "CUB"]
[Date "1995.??.??"]
[Round "6"]
[White "Alvarez, Jose"]
[Black "Borges Mateos, Juan"]
[Result "0-1"]
[WhiteElo "2345"]
[BlackElo "2400"]

1.c4 c6 2.d4 d5 3.e3 Nf6 4.Nc3 g6 5.Nf3 Bg7 6.Be2 O-O 7.O-O Be6 8.Ng5 Bf5
9.Qb3 Qb6 10.Qa3 Re8 11.f4 Nbd7 12.Bd2 e6 13.c5 Qc7 14.h3 h6 15.Nf3 b6 16.b4 a5
17.cxb6 Qxb6 18.bxa5 Rxa5 19.Na4 Raa8 20.Nxb6 Rxa3 21.Nxd7 Nxd7 22.Bb4 Rxe3
23.Kf2 Re4 24.g4 Bxd4+ 25.Nxd4 Rxd4 26.Bd6 Bc2 27.Ke3 e5 28.fxe5 Re4+ 29.Kd2 Nxe5
30.Rac1 Rxe2+ 31.Kxe2 Bd3+ 32.Kf2 Bxf1 33.Kxf1 Nc4 34.Bc5 Nd2+ 35.Kg1 Re2
36.Ra1 Ne4 37.Bb6 Rb2 38.Bd4 Rd2 39.Be5 f6 40.Bf4 Rb2 41.a4 Rb6 42.a5 Ra6
43.Bc7 Nd2 44.Kf2 Nc4 45.Ke2 Kf7 46.Rf1 Ke6 47.h4 h5 48.gxh5 gxh5 49.Bd8 f5
50.Kd3 Nxa5 51.Re1+ Kd7 52.Bg5 Nb3 53.Re7+ Kd6 54.Rh7 Nc5+ 55.Ke3 Ra3+ 56.Kf4 Ne6+
57.Kxf5 Rf3+  0-1

[Event "CUB-ch"]
[Site "CUB"]
[Date "1995.??.??"]
[Round "10"]
[White "Perez, Rodney"]
[Black "Li, Manuel"]
[Result "1-0"]
[WhiteElo "2305"]
[BlackElo "2345"]

1.c4 c6 2.Nf3 g6 3.g3 Bg7 4.Bg2 e5 5.Nc3 Na6 6.O-O Ne7 7.d4 exd4 8.Nxd4 d6
9.e4 O-O 10.Be3 Nc7 11.Qd2 Re8 12.Rad1 Bg4 13.f3 Bd7 14.f4 Bg4 15.Rde1 c5
16.Ndb5 Nxb5 17.Nxb5 Qb6 18.Qxd6 Be6 19.b3 Qa5 20.Nc7 Nc6 21.Nxe8 Rxe8 22.f5 Bc8
23.f6 Bf8 24.Qd2 Nb4 25.Bh6 Qxa2 26.Qg5 Bd6 27.Rd1 Bc7 28.Bf8 Be5 29.Bd6 Qe2
30.Bxe5 Nc2 31.Qh6 Qe3+ 32.Qxe3  1-0

[Event "CZE-chT 9495"]
[Site "?"]
[Date "1995.??.??"]
[Round "1"]
[White "David, Pavel"]
[Black "Berezjuk, Sergej"]
[Result "1-0"]
[WhiteElo "2445"]
[BlackElo "2395"]

1.c4 c6 2.e4 Qa5 3.Nc3 e5 4.d4 Bb4 5.Ne2 Nf6 6.f3 d6 7.Be3 O-O 8.a3 Bxc3+
9.Nxc3 Re8 10.Be2 Nbd7 11.Qd2 Qc7 12.O-O Nf8 13.b4 b6 14.b5 c5 15.dxe5 dxe5
16.Nd5 Nxd5 17.exd5 Bf5 18.a4 a5 19.Qc3 Ng6 20.g3 Rad8 21.Bc1 f6 22.Re1 Ne7
23.Ra2 Nc8 24.Bd1 Nd6 25.g4 Bg6 26.Rg2 Qd7 27.h4 h5 28.Bc2 Bxc2 29.Qxc2 hxg4
30.fxg4 f5 31.Bb2 fxg4 32.Rxe5 Rxe5 33.Bxe5 Nf5 34.Qe4 g3 35.Bxg3 Re8 36.Qg4 Qf7
37.h5 Kh7 38.Rf2 Re1+ 39.Kh2 Nh6 40.Rxf7 Nxg4+ 41.Kh3 Re4 42.d6 Nf6 43.Bh4 Kg8
44.Bxf6 gxf6 45.Re7  1-0

[Event "CZE-chT 9495"]
[Site "?"]
[Date "1995.??.??"]
[Round "4"]
[White "David, Pavel"]
[Black "Vavra, Pavel"]
[Result "1/2-1/2"]
[WhiteElo "2445"]
[BlackElo "2320"]

1.c4 c6 2.e4 d5 3.exd5 Nf6 4.Nc3 cxd5 5.cxd5 Nxd5 6.Nf3 Nc6 7.d4 Bg4 8.Qb3 Bxf3
9.gxf3 e6 10.Qxb7 Nxd4 11.Bb5+ Nxb5 12.Qc6+ Ke7 13.Qxb5 Qd7 14.Nxd5+ Qxd5
15.Bg5+ f6 16.Qxd5 exd5 17.Be3 Ke6 18.O-O-O Bb4 19.a3 Rhc8+ 20.Kb1 Ba5 21.b4 Bb6
22.Rhe1 Kd6 23.Rd3 Bxe3 24.fxe3 Ke5 25.Red1 Rd8 26.Rc1 Rac8 27.Rdc3 Rc4 28.Kb2 Rh4
29.R1c2 Rd7 30.Kb3 Rh3 31.Rf2 g5 32.b5 h5 33.a4 g4 34.fxg4 hxg4 35.Kb4 Rdh7
36.Rc8 Rxe3 37.Re8+ Kd4 38.Rf8 Re4 39.R8xf6 Ke3+ 40.Ka5 d4 41.Rg2 Rd7 42.Rg3+ Ke2
43.Rg2+ Ke3 44.Rg3+ Ke2 45.Rg2+  1/2-1/2

[Event "CZE-chT 9495"]
[Site "?"]
[Date "1995.??.??"]
[Round "6"]
[White "Pribyl, Josef"]
[Black "Polak, Tomas"]
[Result "1/2-1/2"]
[WhiteElo "2390"]
[BlackElo "2420"]

1.c4 c6 2.Nf3 Nf6 3.b3 d5 4.g3 Bg4 5.Bg2 e6 6.Bb2 Nbd7 7.O-O Bd6 8.d3 O-O
9.Nbd2 Qe7 10.Re1 a5 11.e4 dxe4 12.dxe4 e5 13.a3 Rfd8 14.Qc2 Bxf3 15.Nxf3 Ne8
16.Bh3 f6 17.Red1 Nf8 18.Bc3 b6 19.Qc1 Nc7 20.Nd2 Bc5 21.Qb2 Nce6 22.b4 Bd4
23.Nf3 axb4 24.axb4 Bxc3 25.Qxc3 Rxd1+ 26.Rxd1 Ra4 27.Rb1 c5 28.bxc5 Qxc5
29.Qb3 Rxc4 30.Qxb6 Qxb6 31.Rxb6 Kf7 32.Rb7+ Rc7  1/2-1/2

[Event "CZE-chT 9495"]
[Site "?"]
[Date "1995.??.??"]
[Round "6"]
[White "Nedela, Vlastimil"]
[Black "Cesal, Jaroslav"]
[Result "1-0"]
[WhiteElo "2435"]
[BlackElo "2320"]

1.c4 c6 2.d4 d5 3.Nf3 Nf6 4.Nc3 e6 5.Bg5 Be7 6.e3 Nbd7 7.Be2 O-O 8.O-O b6
9.Rb1 Bb7 10.b4 dxc4 11.Bxc4 a5 12.a3 axb4 13.axb4 Ra3 14.Qc1 Qa8 15.e4 c5
16.Nb5 Ra4 17.e5 Bxf3 18.gxf3 cxd4 19.exf6 Bxf6 20.Bxf6 gxf6 21.Qf4 Ne5 22.Be2 d3
23.Bd1 Ra2 24.Qxf6 Ng6 25.Nc3 Ra3 26.Ne4 Rd8 27.Bb3 Qb8 28.Ng5 Rd7 29.Bxe6 fxe6
30.Qxe6+ Kh8 31.Qxd7 Ra7 32.Qd4+ Kg8  1-0

[Event "CZE-chT1a"]
[Site "?"]
[Date "1995.??.??"]
[Round "?"]
[White "Moravec, Michal"]
[Black "Vavra, Pavel"]
[Result "1/2-1/2"]
[WhiteElo "2300"]
[BlackElo "2320"]

1.c4 c6 2.Nf3 d5 3.b3 Nf6 4.Bb2 Bg4 5.e3 Nbd7 6.Be2 e6 7.O-O Bd6 8.h3 Bh5
9.d4 O-O 10.Ne5 Bxe2 11.Qxe2 Ne4 12.Nd2 Nxd2 13.Qxd2 f5 14.Nxd7 Qxd7 15.f4 Kh8
16.a4 Qe7 17.Qc1 g5 18.Ba3 Bxa3 19.Qxa3 Qxa3 20.Rxa3 Rg8 21.fxg5 Rxg5 22.Rf3 Rag8
23.Ra2 Kg7 24.c5 Kf6 25.b4 a6 26.b5 axb5 27.axb5 cxb5 28.Rb2 b4 29.Kh2 R8g7
30.g3 h5 31.h4 Rg4 32.Rxb4 R4g6 33.Rb6 Rg4 34.Rb3 R4g6 35.Kg2 Rg4 36.Kf2 R4g6
37.Ke2 Rc7 38.Rb6  1/2-1/2

[Event "CZE-chT2"]
[Site "?"]
[Date "1995.??.??"]
[Round "?"]
[White "Trojan, Lubos"]
[Black "Haba, Zdenek"]
[Result "0-1"]
[WhiteElo "2200"]
[BlackElo "2275"]

1.c4 c6 2.d4 d5 3.e3 Nf6 4.Nc3 Bf5 5.cxd5 Nxd5 6.Qb3 Nb6 7.Nf3 Be6 8.Qc2 g6
9.b3 Bg7 10.Bb2 O-O 11.Rd1 a5 12.Be2 a4 13.Ng5 axb3 14.axb3 Bd7 15.h4 h6
16.Nge4 Na6 17.Bxa6 Rxa6 18.Nc5 Ra7 19.h5 g5 20.e4 Qc8 21.Nxd7 Nxd7 22.Qe2 Nf6
23.e5 Nd5 24.Nxd5 cxd5 25.Rh3 Ra2 26.Rd2 Rxb2 27.Qd1 Rxd2 28.Qxd2 Qg4 29.f3 Qf5
30.Qb4 Ra8  0-1

[Event "Debrecen-ch"]
[Site "Debrecen"]
[Date "1995.??.??"]
[Round "7"]
[White "Lengyel, Ferenc"]
[Black "Donka, Peter"]
[Result "1-0"]
[WhiteElo "2315"]
[BlackElo "2270"]

1.c4 c6 2.d4 d5 3.e3 Nf6 4.Nc3 Bf5 5.Qb3 b6 6.cxd5 cxd5 7.Bb5+ Nbd7 8.Nxd5 Rc8
9.Nc3 e6 10.f3 Be7 11.e4 Bg6 12.Nge2 O-O 13.e5 Ne8 14.Nf4 Bf5 15.Be3 Nb8
16.O-O a6 17.Be2 b5 18.g4 Bg5 19.Rfd1 b4 20.gxf5 bxc3 21.bxc3 exf5 22.c4 Nc6
23.Ng2 f4 24.Bf2 h5 25.Qc3 Qe7 26.Bd3 Nb4 27.Be4 f5 28.Bc2 Nd5 29.Qb3 Ne3
30.Nxe3 fxe3 31.Bxe3 Nd6 32.f4 Nxc4 33.Bd3 Kh8 34.Bxc4 Bh6 35.Be2 Qh4 36.Rf1 Rb8
37.Qd3 Rb6 38.Kh1 Rb2 39.Rf2 g5 40.fxg5 Bxg5 41.Rg2 f4 42.Bf2 f3 43.Bxh4 fxg2+
44.Kxg2 Bxh4 45.Kh3 Rf2 46.Re1 Bg5 47.Kg3 Rf8 48.Qg6 Bf4+ 49.Kh3 Rb7 50.Bd3 Rff7
51.Rg1 Rg7 52.Qe8+  1-0